[Event "Guimaraes Open 2018"]
[Site "Guimaraes"]
[Date "2018.10.07"]
[Round "7"]
[White "Larino Nieto, David"]
[Black "Martin Duque, Jesus"]
[Result "1/2-1/2"]
[WhiteElo "2439"]
[BlackElo "2354"]
[Annotator "TA"]
[PlyCount "191"]
[EventDate "2018.10.04"]
[EventType "swiss"]
[EventCountry "POR"]
[SourceTitle "playchess.com"]
[Source "ChessBase"]
[SourceQuality "1"]

{[%evp 21,191,9,37,0,0,0,0,3,7,-7,0,0,9,6,13,0,0,4,18,18,22,18,56,20,21,15,16,15,14,15,29,11,33,16,20,0,35,27,54,22,33,16,49,42,107,106,109,59,62,33,49,35,31,31,37,28,22,14,24,17,49,42,49,22,23,0,0,0,8,0,0,0,0,0,0,0,0,-13,-7,-107,-98,-221,-224,-222,-194,-193,-86,-279,0,0,0,0,0,0,10,0,0,0,0,0,0,0,0,0,2,0,0,0,0,0,0,0,0,0,0,0,0,0,0,0,0,0,0,0,0,0,0,0,0,0,0,0,0,0,0,0,0,0,0,0,0,0,0,0,0,0,0,0,0,0,0,0,0,0,0,0,0,0,0,0,0,0,0,0,0,0,0,0,0,0,0,0]} 1. Nf3 Nf6 2. e3 d5 3. c4 e6 4. b3 Be7 5. Bb2 O-O 6. Nc3 b6 7. cxd5 exd5 8. d4 Bb7 9. Bd3 Nbd7 10. O-O Re8 11. Rc1 c6 12. Qe2 {E14: Queen's Indian: Classical Variation (4 e3)} (12. Ne2 Bf8 13. Ng3 Rc8 14. Qe2 Rc7 15. Qc2 c5 16. dxc5 bxc5 17. Rfd1 g6 18. Bc3 Rc8 19. Qb2 Qb6 {½-½ (62) Teplyi,I (2420)-Jakobsen,P (2177) Allerod 2018}) 12... Bd6 13. Ba6 Qc8 14. Bxb7 Qxb7 15. Qc2 $146 ({Predecessor:} 15. Rfd1 Rac8 16. Qc2 g6 17. Qe2 Ne4 18. h3 Ndf6 {1-0 (58) Fitzke,U (1924)-Saringer,H (1783) Feffernitz 2015}) 15... Rac8 16. Qf5 h6 17. Rc2 Qa6 18. Rfc1 g6 19. Qh3 Kg7 20. Nd2 Qd3 21. Qf3 Re6 22. Nf1 h5 23. Rd2 Qa6 24. Qe2 Qb7 25. Rdc2 Rce8 26. Qd3 Bb8 27. Nd1 {[%cal Bc3d1,Bd1f2,Bf2h3,Bh3f4][%mdl 32]} Kg8 28. f3 Nf8 29. Nf2 N8h7 30. Nh3 Bd6 31. Nf4 Bxf4 32. exf4 Nd7 (32... Nf8 $14) 33. f5 $16 Rf6 34. fxg6 fxg6 35. Re2 Rfe6 36. Ng3 Ndf8 37. Re5 Qf7 38. Rf1 Nd7 39. Rxe6 Qxe6 40. Bc1 Nhf8 41. Bd2 h4 42. Nh1 h3 43. Ng3 hxg2 44. Kxg2 Nf6 45. Re1 Qf7 46. Rc1 Re6 47. a4 Nh5 48. Nxh5 gxh5 49. Kf2 Rg6 50. Be3 (50. Rg1 $11 {keeps the balance.}) 50... Qf6 $17 {Hoping for ...Qh4+.} 51. Ke2 (51. Qe2 $17 {was necessary.}) 51... Rg2+ $19 52. Bf2 Ng6 53. Qe3 {[#]} Nf4+ (53... Rxh2 54. Qe8+ Kh7 55. Rxc6 $11) (53... Kf7 $1 $19 54. Rh1 Nf4+ 55. Kf1 h4) 54. Kd2 $2 (54. Kf1 $17 {is a better defense.} Rxh2 55. Qe8+ Kh7 56. Qd7+ Qg7 57. Qf5+ Kh8 58. Qc8+ Kh7 59. Qf5+ Kh8 60. Qc8+ Qg8 61. Qxg8+ Kxg8 62. Rxc6) 54... Qf5 $2 ({Not} 54... Rxh2 55. Qe8+ Kh7 56. Qd7+ Qg7 57. Qxg7+ Kxg7 58. Ke3 $15) (54... Kf7 $19 55. Kd1 h4 56. Bxh4 Qxh4 57. Rxc6 Re2 58. Rc7+ Kf8 59. Rc8+ Kg7 60. Qg1+ Rg2) 55. Rxc6 $11 {The position is equal.} Qd3+ 56. Qxd3 {Qf5 would kill now.} Rxf2+ 57. Ke3 Nxd3 58. Rc3 Rxh2 59. Rxd3 {[%mdl 4096] Endgame KR-KR} Kf7 60. Kf4 Kf6 61. Rc3 Rh4+ 62. Ke3 Rh1 63. Rc7 Rb1 64. Kf4 Rxb3 65. Rc6+ Ke7 66. Rh6 Rb4 67. Ke5 Rxa4 68. Rh7+ Kf8 69. f4 b5 70. f5 b4 {[#] aiming for ...Ra6.} 71. f6 Ra1 {White should prevent ...Re1+.} 72. Rxh5 a5 73. Rh8+ Kf7 74. Rh7+ Kf8 {Strongly threatening ...Re1+.} 75. Rb7 Rb1 76. Ke6 {[%cal Rb7b8]} Re1+ 77. Kxd5 Re3 78. Ra7 Ra3 79. Ke6 {[%cal Ra7a8]} Re3+ 80. Kd6 b3 81. Rxa5 Kf7 82. Rb5 Kxf6 83. d5 Rd3 84. Rb7 Rc3 85. Rb4 Rf3 86. Rb8 {White wants to mate with Rf8+.} Kf5 87. Rb5 Rd3 88. Ke7 Re3+ 89. Kd7 Re5 90. Kd6 Re3 91. Rb8 Rc3 92. Ke7 {Threatens to win with d6.} Re3+ 93. Kd7 Ke5 94. d6 Rd3 95. Rb5+ Rd5 96. Rxb3 {Precision: White = 61%, Black = 62%.} 1/2-1/2

[Event "Guimaraes Open 2018"]
[Site "Guimaraes"]
[Date "2018.10.07"]
[Round "7"]
[White "Campora Sivori, Daniel Hugo"]
[Black "Veiga, Jose Francisco Reis"]
[Result "1/2-1/2"]
[WhiteElo "2413"]
[BlackElo "2272"]
[Annotator "TA"]
[PlyCount "28"]
[EventDate "2018.10.04"]
[EventType "swiss"]
[EventCountry "POR"]
[SourceTitle "playchess.com"]
[Source "ChessBase"]
[SourceQuality "1"]

{[%evp 27,28,0,24]} 1. e4 e5 2. Nf3 Nc6 3. Bb5 a6 4. Ba4 Nf6 5. O-O Be7 6. Re1 b5 7. Bb3 d6 8. c3 O-O 9. h3 Re8 10. d4 Bb7 11. Ng5 $146 ({Predecessor:} 11. Nbd2 Bf8 12. a3 h6 13. Bc2 Nb8 14. b3 Nbd7 15. Bb2 c6 16. Bd3 g6 17. Qc2 Nh5 18. Bf1 Nf4 19. b4 Rc8 20. c4 exd4 21. Bxd4 bxc4 22. Nxc4 c5 {1-0 (64) Jakovenko,D (2748)-Oparin,G (2609) Satka 2018}) 11... Rf8 12. Nf3 Re8 13. Ng5 Rf8 14. Nf3 Re8 {LiveBook: 6354 Games} 1/2-1/2

[Event "Guimaraes Open 2018"]
[Site "Guimaraes"]
[Date "2018.10.07"]
[Round "7"]
[White "Suarez Uriel, Adrian"]
[Black "Pintor, Simao Maciel Abranc"]
[Result "0-1"]
[WhiteElo "2394"]
[BlackElo "2047"]
[Annotator "ChessBase"]
[PlyCount "84"]
[EventDate "2018.10.04"]
[EventType "swiss"]
[EventCountry "POR"]
[SourceTitle "playchess.com"]
[Source "ChessBase"]
[SourceQuality "1"]
[TimeControl "5400+30"]

1. e4 c5 2. Nf3 Nc6 3. d4 cxd4 4. Nxd4 g6 5. c4 Bg7 6. Be3 Nf6 7. Nc3 O-O 8. Be2 d6 9. f3 Nxd4 10. Bxd4 Bd7 11. Qd2 a5 12. h4 h5 13. O-O-O a4 14. a3 Qa5 15. Qe3 Rfc8 16. Kb1 Be6 17. g4 Bxc4 18. g5 Nd7 19. Bxg7 Bxe2 20. Rd5 Qa6 21. Bh6 Qb6 22. Qd2 Bxf3 23. Rf1 Bg4 24. Rb5 Qc6 25. Nd5 Re8 26. Rb4 Rac8 27. Qd4 Ne5 28. Qf2 Be6 29. Rb6 Bxd5 30. Rxc6 Bxe4+ 31. Ka1 Rxc6 32. Re1 Bf5 33. Qd4 Rec8 34. Ka2 Rc4 35. Qb6 Bc2 36. Rf1 Bb3+ 37. Kb1 Bc2+ 38. Ka1 Bd3 39. Re1 Rc1+ 40. Ka2 Rxe1 41. Qe3 Bc4+ 42. b3 Bxb3+ 0-1

[Event "Guimaraes Open 2018"]
[Site "Guimaraes"]
[Date "2018.10.07"]
[Round "7"]
[White "Medarde Santiago, Luis Marcos"]
[Black "Guimaraes, Rui Pinto"]
[Result "1/2-1/2"]
[WhiteElo "2384"]
[BlackElo "2143"]
[Annotator "TA"]
[PlyCount "142"]
[EventDate "2018.10.04"]
[EventType "swiss"]
[EventCountry "POR"]
[SourceTitle "playchess.com"]
[Source "ChessBase"]
[SourceQuality "1"]

{[%evp 9,142,34,70,33,43,30,37,30,43,38,67,33,139,1,-13,-46,-49,-38,-51,-76,-81,-101,-67,-72,-50,-53,0,0,0,-8,43,46,62,33,28,13,49,34,33,39,68,-306,0,-6,0,0,52,26,67,44,80,97,110,100,226,78,135,137,154,172,163,174,164,150,213,189,237,181,210,192,205,222,249,212,279,199,271,189,249,237,277,257,254,254,291,242,372,333,413,429,389,171,396,394,384,341,302,158,158,58,38,23,800,711,972,934,771,225,1690,1626,12837,12839,3792,1832,12838,12838,12833,12824,12799,328,328,8,5119,8,8,8,5089,8,8,8,29980,0,0,0,0]} 1. e4 c5 2. Nc3 d6 3. f4 Nc6 4. Nf3 Bg4 5. Bb5 Rc8 {LiveBook: 12 Games} (5... Nf6 6. d3 Nd7 7. Bxc6 bxc6 8. h3 Bxf3 9. Qxf3 Rb8 10. b3 e5 11. Nd1 Be7 12. O-O O-O 13. Nf2 {1-0 (34) Schuster,P (2451)-Biedermann,T (2420) GER email 2016}) 6. h3 {B23: Closed Sicilian: Lines without g3} Bd7 7. a4 $146 ({Predecessor:} 7. Bxc6 Bxc6 8. d3 g6 9. O-O e6 10. f5 Bg7 11. fxe6 f6 12. Nd5 Bxd5 13. exd5 {1-0 (35) Stojanovic,Z (2341)-Antonic,D (2078) Obrenovac 2004}) 7... g6 8. O-O {White is slightly better.} Bg7 9. d3 e6 10. Bc4 Nge7 (10... a6 $14) 11. Qe1 ({Only move:} 11. Nb5 $16) 11... O-O $11 12. Qh4 Nd4 13. f5 (13. Ng5 $2 h6 $19) 13... gxf5 (13... exf5 $2 14. Bg5 $18 (14. Ng5 h6 $17)) (13... Nxc2 $2 14. f6 $16) 14. Bh6 {With the idea Ng5.} Ng6 15. Qh5 Nxf3+ (15... Nxc2 16. exf5 Qf6 17. Rac1 $14) 16. Rxf3 Bxh6 17. Qxh6 Qh4 (17... Kh8 {is interesting.} 18. Bb5 f4 19. Kh1 Rg8 20. Raf1 Bxb5 21. axb5 c4) 18. Qxh4 Nxh4 19. Rf2 Kh8 ({Black should try} 19... Rfd8 $11) 20. g3 $14 Ng6 21. exf5 exf5 22. Nb5 f4 23. gxf4 Bxh3 24. Nxd6 Rc6 25. Nxb7 $2 {[%mdl 8192] [#]} (25. Nxf7+ $14 {stays ahead.} Kg7 26. f5) 25... Bc8 $2 (25... Ne5 $1 $19 {[%mdl 512] ( -> ...Rg8+)} 26. fxe5 Rg8+ 27. Rg2 Rxg2+ 28. Kh1 Rcg6 29. Bxf7 R6g5) 26. Na5 $36 {[%mdl 2048] Black is under pressure.} Rf6 27. f5 Nh4 (27... Bxf5 $11 28. Raf1 Rg8) 28. Kf1 Nxf5 29. Ke1 Rg6 {Threatens to win with ...Rg1+.} 30. Kd2 Nd4 31. c3 ({Of course not} 31. Bxf7 Rxf7 32. Rxf7 Rg2+ 33. Kc1 Be6 $15) 31... Ne6 (31... Nc6 $16) 32. Nb3 (32. Nc6 $18 {has better winning chances.}) 32... h5 (32... Rg5 $142) 33. Bxe6 $16 Bxe6 34. Nxc5 Bg4 35. Rh1 Kg7 36. d4 Rh6 (36... Rh8 $16 {might work better.} 37. Rhf1 f5) 37. Nd3 $18 f6 38. Nf4 Rfh8 39. Rh4 Kf7 40. c4 f5 41. d5 Kf6 42. Ne6 Ke5 (42... a5 $142 43. Kd3 R6h7) 43. Ke3 Rf6 (43... a5 {was necessary.} 44. Kd3 Rxe6 45. dxe6 Kxe6) 44. Nf4 Rb6 45. Nd3+ Kf6 46. c5 Rb3 47. Kd2 Kg5 (47... Re8 {keeps fighting.} 48. Kc2 Rbb8) 48. Rhh2 f4 49. Kc2 Rhb8 {aiming for ...Bf5.} 50. Rxf4 (50. Rhg2 $142) 50... Rxb2+ $2 (50... Bd1+ 51. Kxd1 Rxd3+ 52. Kc2 Rdb3) 51. Nxb2 Kxf4 {[%mdl 4096] Endgame KRB-KRN} 52. Kc3 Kg3 53. Rd2 (53. Rh1 $18) 53... h4 $16 54. c6 ({White should play} 54. Nd1 $16) 54... h3 $14 55. Nd3 Rf8 $2 {[%mdl 8192]} (55... h2 $11 56. Nf2 Rb1) 56. Ne5 $18 Bc8 57. d6 {[%cal Bd5d6,Bd6d7][%mdl 32]} h2 {[#]} 58. Rd1 $2 (58. Rxh2 $3 {[%mdl 512]} Kxh2 59. d7) 58... Kg2 $2 (58... Rf6) 59. d7 h1=Q 60. Rxh1 Kxh1 61. Kd4 (61. Nf7 $142 Kg2 62. d8=Q Rxd8 63. Nxd8) 61... Kg2 {[#]} 62. Nf7 $1 {[%mdl 512]} Kf3 (62... Rxf7 63. dxc8=Q) 63. Ke5 Ke3 64. Kd6 $2 (64. d8=Q Rxd8 65. Nxd8) 64... Kd4 {[#]} 65. Ke7 $2 ({And not} 65. dxc8=B Rxc8 66. Kd7 (66. c7 Kc3 $11) 66... Rg8 $11) (65. d8=R $1 $18 {[%cal Rd8f8]} Rxd8+ 66. Nxd8) 65... Rg8 $2 {[%mdl 8192]} (65... Bxd7 $11 66. cxd7 Rb8) 66. c7 $2 (66. d8=Q+ $18 Rxd8 67. Kxd8) 66... Bxd7 $1 $11 67. Kxd7 a5 $2 {[%mdl 8192] [#]} (67... Kc5 $11) 68. Kc6 $2 ({White has to play} 68. Nd6 $1 $18 {[%cal Rd6e8]} Rg7+ 69. Kd8 Rxc7 70. Kxc7) 68... Kc4 69. Kb6 {Black must now prevent Nd8.} Kb4 $2 {[%mdl 8192]} (69... Ra8 $11) 70. Kb7 $2 (70. Nd8 {mates} Kxa4 71. c8=Q Rg6+ 72. Ne6 Kb3 73. Kxa5 Kb2 74. Nd4 Rg2 75. Qb7+ Kc3 76. Nb5+ Kd3 77. Qxg2) 70... Kxa4 71. Kc6 Rc8 {Precision: White = 36%, Black = 20%.} 1/2-1/2

[Event "Guimaraes Open 2018"]
[Site "Guimaraes"]
[Date "2018.10.07"]
[Round "7"]
[White "Herrera Reyes, Jose Antonio"]
[Black "Fidalgo, Andre Neves"]
[Result "0-1"]
[WhiteElo "2343"]
[BlackElo "2181"]
[Annotator "NA"]
[PlyCount "82"]
[EventDate "2018.10.04"]
[EventType "swiss"]
[EventCountry "POR"]
[SourceTitle "playchess.com"]
[Source "ChessBase"]
[SourceQuality "1"]
[TimeControl "5400+30"]

1. Nf3 {[%emt 0:05:28]} Nf6 {[%emt 0:00:00]} 2. g3 {[%emt 0:00:01]} g6 {[%emt 0:00:00]} 3. Bg2 {[%emt 0:00:03]} Bg7 {[%emt 0:00:04]} 4. d3 {[%emt 0:00:04]} d5 {[%emt 0:00:08]} 5. c3 {[%emt 0:00:05] A07: Réti Opening: New York and Capablanca Systems} (5. O-O O-O 6. Nc3 c5 7. e4 d4 8. Ne2 Nc6 9. Nd2 e5 10. h3 Ne8 11. f4 Nd6 12. g4 f5 13. exf5 gxf5 14. g5 Bd7 {1-0 (37) Nakamura,H (2777)-Hou,Y (2658) chess.com INT 2018}) 5... c5 {[%emt 0:00:17]} 6. a3 {[%emt 0:00:04]} b6 $146 {[%emt 0:00:24]} ({Predecessor:} 6... O-O 7. O-O Nc6 8. Nbd2 e5 9. e4 dxe4 10. dxe4 Qc7 11. b4 Rd8 12. Qe2 cxb4 13. axb4 {1-0 (47) Hickl,J (2566)-Mueller,R (2231) Germany 2013}) 7. b4 {[%emt 0:00:00]} Nbd7 {[%emt 0:00:00]} 8. h4 {[%emt 0:00:32]} h6 {[%emt 0:01:46]} 9. Bf4 {[%emt 0:01:01]} Bb7 {[%emt 0:03:56]} 10. Qc1 {[%emt 0:01:23]} (10. d4 $11 {hält das Gleichgewicht.}) 10... Nh5 {[%emt 0:02:35]} 11. Be3 {[%emt 0:00:29]} d4 {[%emt 0:04:58]} 12. Bd2 {[%emt 0:01:01]} Ne5 {[%emt 0:07:55]} 13. O-O {[%emt 0:03:48]} Nxf3+ {[%emt 0:07:04]} 14. exf3 {[%emt 0:00:02]} dxc3 {[%emt 0:01:23]} 15. Bxc3 {[%emt 0:00:22]} Bd4 {[%emt 0:02:43]} 16. g4 {[%emt 0:13:02]} (16. Kh1 $15) 16... Ng7 {[%emt 0:03:06]} 17. bxc5 {[%emt 0:02:50]} bxc5 {[%emt 0:00:25]} 18. Bxd4 {[%emt 0:02:10]} Qxd4 {[%emt 0:01:17]} 19. Nc3 {[%emt 0:01:01]} Ne6 {[%emt 0:03:55]} 20. Ne2 {[%emt 0:13:48] [#]} Qf6 $1 {[%emt 0:07:49]} ({Don't play} 20... Qxd3 21. Nf4 $15) 21. Rb1 {[%emt 0:00:58]} Bxf3 {[%emt 0:02:11]} 22. Qe3 {[%emt 0:01:56]} (22. Qb2 $17 {was necessary.} Bxg2 23. Kxg2) 22... Bxg2 {[%emt 0:00:43]} 23. Kxg2 {[%emt 0:00:02]} Qxh4 {[%emt 0:01:22]} 24. Qe4 {[%emt 0:01:50]} O-O {[%emt 0:00:49]} 25. Rh1 {[%emt 0:00:20]} Qg5 {[%emt 0:00:08]} 26. Rbg1 {[%emt 0:00:32]} Rab8 {[%emt 0:00:53]} 27. f4 {[%emt 0:00:54]} Qf6 {[%emt 0:00:32]} 28. f5 {[%emt 0:13:57]} Ng5 {[%emt 0:05:59]} 29. Qe3 {[%emt 0:00:43]} Kg7 {[%emt 0:05:19]} 30. Rf1 {[%emt 0:03:15]} Rb2 {[%emt 0:09:51]} 31. Kg1 {[%emt 0:05:02]} Rfb8 {[%emt 0:16:27]} 32. fxg6 {[%emt 0:00:56]} Rb1 {[%emt 0:00:05]} 33. Kg2 {[%emt 0:02:17]} Qc6+ {[%emt 0:00:07]} 34. Kg3 {[%emt 0:00:28]} Qd6+ {[%emt 0:00:05]} 35. Nf4 {[%emt 0:00:19]} Rxf1 {[%emt 0:00:07]} 36. Rxf1 {[%emt 0:00:00]} fxg6 {[%emt 0:00:31]} 37. Re1 {[%emt 0:04:24]} e6 $19 {[%emt 0:02:23]} 38. Kg2 {[%emt 0:08:27]} Rb2+ {[%emt 0:00:42]} 39. Kf1 {[%emt 0:00:55]} Qd4 {[%emt 0:01:26]} 40. Qg3 {[%emt 0:03:02]} Qf6 {[%emt 0:02:10]} 41. Qe3 {[%emt 0:02:22]} Nh3 {[%emt 0:01:19]} 0-1

[Event "Guimaraes Open 2018"]
[Site "Guimaraes"]
[Date "2018.10.07"]
[Round "7"]
[White "Paasikangas-Tella, Johanna"]
[Black "Silva, Goncalo Nuno Neto P"]
[Result "1/2-1/2"]
[WhiteElo "2233"]
[BlackElo "1996"]
[Annotator "NA"]
[PlyCount "101"]
[EventDate "2018.10.04"]
[EventType "swiss"]
[EventCountry "POR"]
[SourceTitle "playchess.com"]
[Source "ChessBase"]
[SourceQuality "1"]
[TimeControl "5400+30"]

1. d4 {[%emt 0:00:00]} g6 {[%emt 0:00:00]} 2. Nf3 {[%emt 0:00:00]} Bg7 {[%emt 0:00:00]} 3. e4 {[%emt 0:00:10]} c5 {[%emt 0:00:00]} 4. c3 {[%emt 0:00:10]} cxd4 {[%emt 0:00:00]} 5. cxd4 {[%emt 0:00:07]} Nf6 {[%emt 0:00:07]} 6. Nc3 {[%emt 0:00:21]} O-O {[%emt 0:00:09]} 7. Bd3 {[%emt 0:03:11]} d6 {[%emt 0:00:14]} 8. h3 {[%emt 0:01:32]} Nc6 {[%emt 0:00:38]} 9. O-O {[%emt 0:00:34]} Bd7 {[%emt 0:00:24] B07: Pirc Defence: Miscellaneous Systems} (9... a6 10. Be3 b5 11. Rc1 Bb7 12. Qd2 Rc8 13. d5 Na5 14. b3 Nd7 15. Bd4 Bxd4 16. Nxd4 Qb6 17. Nce2 Rc5 {½-½ (50) Karjakin,S (2783)-Nepomniachtchi,I (2751) chess.com INT 2017}) 10. Re1 {[%emt 0:02:27]} Qa5 {[%emt 0:02:32]} 11. Be3 $146 {[%emt 0:02:24]} ({Predecessor:} 11. Bd2 Qd8 12. e5 dxe5 13. dxe5 Ne8 14. Bg5 {½-½ (54) Martian,D (2275)-Gulie,C (2057) Calimanesti Caciulata 2017}) 11... Rac8 {[%emt 0:03:51]} 12. Qd2 {[%emt 0:01:44]} a6 {[%emt 0:01:10]} 13. Bf1 {[%emt 0:03:15]} b5 {[%emt 0:02:03]} 14. a3 {[%emt 0:04:11]} Qc7 {[%emt 0:01:02]} 15. Rac1 {[%emt 0:02:10]} Qb7 {[%emt 0:00:37]} 16. e5 {[%emt 0:05:05]} Ne8 {[%emt 0:00:52]} 17. Ne4 {[%emt 0:05:35]} Bf5 {[%emt 0:06:12]} 18. Ng3 {[%emt 0:06:19]} Bd7 {[%emt 0:02:31]} (18... dxe5 $11 {remains equal.} 19. Nxf5 gxf5) 19. Bh6 {[%emt 0:02:18]} dxe5 {[%emt 0:02:38]} 20. Bxg7 {[%emt 0:01:24]} Nxg7 {[%emt 0:00:26]} 21. Qh6 {[%emt 0:04:08]} f6 {[%emt 0:01:11]} 22. dxe5 {[%emt 0:00:39]} Nd8 {[%emt 0:00:46]} 23. Rxc8 {[%emt 0:04:41]} Bxc8 {[%emt 0:00:18]} 24. Bd3 {[%emt 0:05:43]} Nf7 {[%emt 0:01:24]} 25. Qh4 {[%emt 0:00:23]} f5 {[%emt 0:03:05]} 26. Qb4 {[%emt 0:03:00]} Be6 {[%emt 0:02:01]} 27. Ne2 {[%emt 0:04:13]} Bd5 {[%emt 0:01:21]} 28. Ned4 {[%emt 0:00:34]} Ne6 $11 {[%emt 0:00:46]} 29. Nxe6 {[%emt 0:00:59]} Bxe6 {[%emt 0:00:24]} 30. Bf1 {[%emt 0:01:26]} Bd5 {[%emt 0:01:08]} 31. Nd4 {[%emt 0:00:19]} Rc8 {[%emt 0:00:12]} 32. Qd2 {[%emt 0:04:52]} e6 {[%emt 0:03:01]} 33. f4 {[%emt 0:04:22]} Nd8 {[%emt 0:00:58]} 34. Ne2 {[%emt 0:02:13]} Qb6+ {[%emt 0:04:35]} 35. Qd4 {[%emt 0:02:29]} Qxd4+ {[%emt 0:00:29]} 36. Nxd4 {[%emt 0:00:06]} Rc5 {[%emt 0:00:05]} 37. Kf2 {[%emt 0:02:57]} Nc6 {[%emt 0:00:36]} 38. Nxc6 {[%emt 0:00:32]} Rxc6 {[%emt 0:00:02]} 39. Bd3 {[%emt 0:00:59]} Kf7 {[%emt 0:01:28]} 40. g4 {[%emt 0:02:09]} h6 {[%emt 0:00:10]} 41. Rg1 {[%emt 0:00:52]} Be4 {[%emt 0:06:58]} 42. Bxe4 {[%emt 0:00:51]} fxe4 {[%emt 0:00:01]} 43. Re1 {[%emt 0:01:33]} Rc4 {[%emt 0:01:05]} 44. h4 {[%emt 0:02:04]} b4 {[%emt 0:00:27]} 45. Re3 {[%emt 0:03:31]} bxa3 {[%emt 0:03:05]} 46. Rxa3 {[%emt 0:02:36]} Rc2+ {[%emt 0:00:08]} 47. Ke3 {[%emt 0:00:08]} Rxb2 {[%emt 0:00:35]} 48. Rxa6 {[%emt 0:00:10]} Rb3+ {[%emt 0:00:44]} 49. Kxe4 {[%emt 0:00:18]} Rb4+ {[%emt 0:00:03]} 50. Ke3 {[%emt 0:00:44]} Rb3+ {[%emt 0:00:02]} 51. Ke4 1/2-1/2

[Event "Guimaraes Open 2018"]
[Site "Guimaraes"]
[Date "2018.10.07"]
[Round "7"]
[White "Costa, Paulo Jorge Lopes d"]
[Black "Huerga Leache, Mikel"]
[Result "1/2-1/2"]
[WhiteElo "2191"]
[BlackElo "2446"]
[Annotator "NA"]
[PlyCount "34"]
[EventDate "2018.10.04"]
[EventType "swiss"]
[EventCountry "POR"]
[SourceTitle "playchess.com"]
[Source "ChessBase"]
[SourceQuality "1"]
[TimeControl "5400+30"]

1. Nf3 {[%emt 0:00:31]} b6 {[%emt 0:06:11]} 2. g3 {[%emt 0:01:14]} Bb7 {[%emt 0:01:07]} 3. Bg2 {[%emt 0:00:09]} d5 {[%emt 0:00:01]} 4. O-O {[%emt 0:00:58]} Nf6 {[%emt 0:00:17]} 5. d3 {[%emt 0:00:51] A07: Réti Opening: New York and Capablanca Systems} (5. b3 e6 6. Bb2 Be7 7. c4 dxc4 8. bxc4 c5 9. Nc3 O-O 10. e3 Nc6 11. Qe2 Rc8 12. Rad1 Qc7 13. Ne1 Rfd8 14. f4 Nb4 15. Nb5 Qd7 16. a3 Bxg2 17. Kxg2 Nc6 18. Nc3 Qb7 19. Qf3 Rd7 {1-0 (82) Jakovenko,D (2710)-Moiseenko,V (2543) Sochi 2017}) 5... Nbd7 {[%emt 0:01:33]} 6. Nbd2 {[%emt 0:03:25]} c5 {[%emt 0:01:15]} 7. e4 {[%emt 0:01:50] LiveBook: 3 Games} dxe4 {[%emt 0:03:38]} 8. Ng5 {[%emt 0:01:48]} Qc8 {[%emt 0:00:06]} 9. Ngxe4 {[%emt 0:00:50]} e6 $146 {[%emt 0:01:29]} ({Predecessor:} 9... Nxe4 10. Nxe4 Nf6 11. Re1 Nxe4 12. Bxe4 Bxe4 13. Rxe4 {1-0 (44) Tompa,J (2384)-Boricsev,O (2429) Hungary 2010}) 10. Nc4 {[%emt 0:01:41]} Nxe4 {[%emt 0:00:18]} 11. dxe4 {[%emt 0:00:05]} Ba6 {[%emt 0:01:48]} 12. Nd6+ {[%emt 0:04:59]} Bxd6 {[%emt 0:00:06]} 13. Qxd6 {[%emt 0:00:05]} Bxf1 {[%emt 0:01:49]} 14. Bg5 {[%emt 0:02:17]} f6 {[%emt 0:03:04]} 15. Qxe6+ {[%emt 0:01:28]} Kd8 {[%emt 0:01:15]} 16. Bxf1 {[%emt 0:05:07]} Re8 {[%emt 0:03:12]} 17. Qd5 $11 {[%emt 0:06:32]} Re5 {[%emt 0:21:33]} 1/2-1/2

[Event "Guimaraes Open 2018"]
[Site "Guimaraes"]
[Date "2018.10.07"]
[Round "7"]
[White "Rey Malde, Henrique"]
[Black "Frois, Antonio"]
[Result "1/2-1/2"]
[WhiteElo "2177"]
[BlackElo "2267"]
[Annotator "NA"]
[PlyCount "43"]
[EventDate "2018.10.04"]
[EventType "swiss"]
[EventCountry "POR"]
[SourceTitle "playchess.com"]
[Source "ChessBase"]
[SourceQuality "1"]
[TimeControl "5400+30"]

1. e4 {[%emt 0:00:38]} c5 {[%emt 0:00:35]} 2. Nf3 {[%emt 0:00:20]} Nc6 {[%emt 0:00:05]} 3. d4 {[%emt 0:00:21]} cxd4 {[%emt 0:00:04]} 4. Nxd4 {[%emt 0:00:07]} g6 {[%emt 0:00:03]} 5. c4 {[%emt 0:01:43]} Nf6 {[%emt 0:00:07]} 6. Nc3 {[%emt 0:00:37]} d6 {[%emt 0:00:04]} 7. Be2 {[%emt 0:01:19]} Bg7 {[%emt 0:00:08]} 8. Be3 {[%emt 0:02:13]} O-O {[%emt 0:00:05]} 9. O-O {[%emt 0:00:16]} Bd7 {[%emt 0:00:06]} 10. h3 {[%emt 0:03:28]} Nxd4 {[%emt 0:00:38]} 11. Bxd4 {[%emt 0:00:21]} Bc6 {[%emt 0:00:05] LiveBook: 89 Games} 12. Qc2 {[%emt 0:01:52] B38: Sicilian: Maroczy Bind with 5...Bg7 and 7...0-0} (12. Bf3 a5 13. Qd2 Nd7 14. Bxg7 Kxg7 15. b3 Qb6 16. Nd5 Bxd5 17. exd5 Qb4 18. Qb2+ Kg8 19. a3 Qb6 {½-½ (29) Romanov,E (2619)-Ivanchuk,V (2713) Batumi 2018}) 12... Nd7 {[%emt 0:06:54]} 13. Bxg7 {[%emt 0:10:50]} Kxg7 {[%emt 0:00:04]} 14. b4 {[%emt 0:00:15]} b6 {[%emt 0:00:12]} 15. Rad1 {[%emt 0:03:54]} a5 {[%emt 0:01:04]} 16. a3 {[%emt 0:01:40]} axb4 {[%emt 0:00:05]} 17. axb4 {[%emt 0:00:04]} Kg8 $146 {[%emt 0:01:16]} ({Predecessor:} 17... Qc7 18. Qd2 Nf6 19. g4 Kg8 {1-0 (31) Portela Peleteiro,A (2340)-Oztekin,K (1910) Prague 2016}) 18. Bg4 {[%emt 0:04:42]} Ne5 {[%emt 0:01:06]} 19. c5 {[%emt 0:02:05]} bxc5 {[%emt 0:00:21]} 20. bxc5 {[%emt 0:11:30]} Nxg4 {[%emt 0:00:06]} 21. hxg4 {[%emt 0:00:04]} Qc8 $11 {[%emt 0:00:13]} 22. cxd6 {[%emt 0:12:51]} 1/2-1/2